000 00452nam a2200157Ia 4500
008 210716s2018 xx 000 0 und d
020 _a9789332541375
041 _aeng
082 _a658.1599 SIDT
100 _aSiddaiah, Thummuluri.
245 _aInternational financial management: an analytical framework.
_bAn analytical framework.
250 _a2
260 _aNew Delhi
_bPearson
_c2018
300 _axxv,532
650 _aInternational Finance
999 _c211038
_d211038